000 00298nam a22001337a 4500
008 170602b xxu||||| |||| 00| 0 eng d
020 _a9781842779545
041 _aeng
080 _a94(6)
100 _a17
101 _aSHH
245 _aPEACE&CONFLICT IN AFRICA
_cFRANCIS, D.J
942 _2udc
_cBK
999 _c15758
_d15758